Rezortný výskum neostal popoluškou rn hovorili s Rudolfom Matim, riaditeľom Výskumného ústavu agroekológie v Michalovciach

Podrobná bibliografia
Hlavní autori: Kočuta, Štefan (ain), Mati, Rudolf (Autor, uin)
Médium: Článok
Jazyk:slovenčina
Predmet:

MARC

LEADER 00000nab a2200000 a 4500
001 vtls000658882
003 SK-MaSNL
005 20260302183544.0
008 180206c1998 xo 0 slo
015 |a SNBRB1998/04-10872 
035 |a CLN000011074 
040 |a SNKBUCL  |b slo  |c SNKBUCL  |e AACR2 
041 0 |a slo 
044 |a xo  |c SK 
080 |a 631:504:061.62(437.6)  |2 UDC-MRF-SK2 
080 |a 504(437.6)  |2 UDC-MRF-SK2 
080 |a 631.95(437.6)  |2 UDC-MRF-SK2 
080 |a 061.62(437.6)  |2 UDC-MRF-SK2 
100 1 |a Kočuta, Štefan  |4 ain  |9 877677 
245 1 0 |a Rezortný výskum neostal popoluškou  |b rn hovorili s Rudolfom Matim, riaditeľom Výskumného ústavu agroekológie v Michalovciach  |c [zhováral sa] Štefan Kočuta 
610 7 |a Oblastný výskumný ústav agroekológie (Michalovce, Slovensko)  |2 snkbucl  |9 31668 
655 7 |a články z novín a časopisov  |2 snkbucl  |9 267496 
700 1 |a Mati, Rudolf  |4 aut  |4 uin  |9 897353 
773 0 |t Roľnícke noviny  |g Č. 79 (27.4.1998), s. 3 
850 |a Slovenská národná knižnica v Martine 
852 |a SNK  |b KIS3GCP 
958 |a RBX 
999 |c 1422113  |d 1424043